इंटर सदिश विश्लेषण (Record no. 7926)

MARC details
000 -LEADER
fixed length control field 01319 a2200253 4500
005 - DATE AND TIME OF LATEST TRANSACTION
control field 2008091907587.0
008 - FIXED-LENGTH DATA ELEMENTS--GENERAL INFORMATION
fixed length control field 080919t xxu||||| |||| 00| 0 hin d
010 ## - LCCN (DPL NO)
LC control number HIN-81156
020 ## - INTERNATIONAL STANDARD BOOK NUMBER
International Standard Book Number 8177096206
Terms of availability 32.00
035 ## - SYSTEM CONTROL NUMBER
System control number HN-53502
037 ## - SOURCE OF ACQUISITION
Source of stock number/acquisition D.B.Act / pub
082 ## - DEWEY DECIMAL CLASSIFICATION NUMBER
Classification number 515.63
100 ## - MAIN ENTRY--PERSONAL NAME
Personal name झा, बी.एन.
245 ## - TITLE STATEMENT
Title इंटर सदिश विश्लेषण
Statement of responsibility, etc बी.एन.झा,असित दासगुप्ता तथा सूर्यभूषण प्रसाद
246 ## - VARYING FORM OF TITLE
Title proper/short title Inter sadish Visheshan
Remainder of title by b.L.Chha
250 ## - EDITION STATEMENT
Edition statement 10वां संस्क
260 ## - PUBLICATION, DISTRIBUTION, ETC. (IMPRINT)
Place of publication, distribution, etc पटना
Name of publisher, distributor, etc भारती भवन (पब्लिशर्स एण्ड डिस्ट्रीब्यूटर्स)
Date of publication, distribution, etc 2006
270 ## - ADDRESS
Address ठाकुरबाड़ी रोड, कदमकुआँ
City पटना
Postal code 800003
300 ## - PHYSICAL DESCRIPTION
Extent 157पृ
Dimensions 22सेमी (अजिल्द)
700 ## - ADDED ENTRY--PERSONAL NAME
Personal name दासगुप्ता, असित
700 ## - ADDED ENTRY--PERSONAL NAME
Personal name सूर्यभूषण प्रसाद
942 ## - ADDED ENTRY ELEMENTS (KOHA)
Institution code [OBSOLETE] dpl
Item type Hindi Books
Call number prefix 515.63 / झाबीए
Source of classification or shelving scheme Dewey Decimal Classification
Classification part 515.63
Call number suffix झाबीए
Holdings
Withdrawn status Lost status Source of classification or shelving scheme Damaged status Not for loan Home library Current library Date acquired Cost, normal purchase price Total Checkouts Full call number Barcode Date last seen Copy number Cost, replacement price Koha item type
    Dewey Decimal Classification     D.B.Act.Division D.B.Act.Division 19/09/2008 32.00   515.63 झाबीए HN-53502 15/09/2008 1 32.00 Hindi Books

© Delhi Public Library
Hit Counter
free hit counter